| 000 | 01067nam a2200325 a 4500 | ||
|---|---|---|---|
| 001 | 000005198 | ||
| 003 | DO-SdBNP | ||
| 005 | 20210405120521.0 | ||
| 007 | 000005198 | ||
| 008 | 090707s2007 dr a 000 0 spa d | ||
| 020 | _a9789945161540 | ||
| 040 |
_aBPMSU _bspa _cBPMSU |
||
| 082 |
_a641.5636 _bM671c _222 |
||
| 092 |
_a _b |
||
| 100 | 1 | _aMir, Eridania | |
| 245 | 1 | 0 |
_a100 recetas de berenjenas / _cEridania Mir ; prólogo Esperanza Lithgow. |
| 246 | 1 | _aCien recetas de berenjenas | |
| 250 | _a2a. ed. | ||
| 260 |
_aSanto Domingo : _bBúho, _c2007. |
||
| 300 |
_a138 p. : _bil. ; _c22 cm. |
||
| 505 | _aPrólogo -- Presentación -- La berenjena, -- Recomendaciones -- Entradas -- Ensaladas -- Guarniciones -- Pastelones -- Otros -- Postres. | ||
| 590 | _aLa biblioteca posee 2 ejemplares autografiados por la autora | ||
| 590 | _aInventariado,2021/VM 2021 | ||
| 650 | 4 | _aCocina vegetariana | |
| 650 | 4 | _aBerenjena (Cocina) | |
| 650 | 4 | _aCocina dominicana | |
| 700 | 1 |
_aLithgow, Esperanza, _epról. |
|
| 910 | _a VMateo | ||
| 942 |
_2ddc _cBK |
||
| 999 |
_c7580 _d7580 |
||